NCAA College Teams by State: Oregon - Statistics

General Stats
  • This quiz has been taken 75 times
  • The average score is 6 of 10
Answer Stats
% Correct
Division I-A Oregon Ducks
100%
Division I-A Oregon State Beavers
100%
Division I-AA Portland Pilots
87%
Division I-AA Portland State Vikings
77%
Division II Western Oregon Wolves
54%
Division III Lewis & Clark Pioneers
38%
Division III George Fox Bruins
33%
Division III Willamette Bearcats
30%
Division III Linfield Wildcats
28%
Division III Pacific (OR) Boxers
25%
No matching quizzes found
Score Distribution
Percent of People with Each Score
Percentile by Number Answered
Your Score History
You have not taken this quiz